000 00506nam a2200205Ia 4500
003 OSt
005 20230417125845.0
008 210423s2011 xx 000 0 und d
020 _a9788126148332
040 _cAL
041 _aeng
082 _a512.5
_223
_b MITM
100 _aMITTAL (Mamta).
_989394
245 _aBasics of vector algebra.
260 _aNew Delhi
_bAnmol Publications
_c2011
300 _a280
_bPB
365 _b900
_cINR
906 _aalgebra. ; Basics ; vector
942 _2ddc
_cBK
999 _c160570
_d160570